| 000 | 02530nam0a2200433 4500 | ||
|---|---|---|---|
| 001 | RU\NLR\BIBL_A\012468769 | ||
| 005 | 20210527103712.0 | ||
| 010 | _a978-5-00101-280-1 | ||
| 021 |
_aRU _bКН-П-20-068756 _9КН-П-20-5180 |
||
| 021 |
_aRU _bКН-П-23-064434 _9КН-П-23-6544 |
||
| 035 | _a(NLR Aleph) 012468769 | ||
| 090 |
_a12067029 _c12067029 |
||
| 100 | _a20210309d2021 c y0rusy50 ca | ||
| 101 | 1 |
_arus _ceng |
|
| 102 | _aRU | ||
| 105 | _aa z 000zy | ||
| 181 | 0 |
_ai _baxxe |
|
| 182 | 0 | _an | |
| 200 | 1 |
_aПростая электроника для детей _eдевять простых проектов с подсветкой, звуками и многое другое! _e[сборка без пайки! _eдля детей среднего школьного возраста] _fЭйвинд Нидал Даль _gперевод с английского Ф. Г. Хохлова _gпод редакцией канд. техн. наук Ю. П. Батырева |
|
| 203 |
_aТекст _bвизуальный _cнепосредственный |
||
| 210 |
_aМосква _cЛаборатория знаний _d2021 |
||
| 215 |
_a95 с. _cил., цв. ил., табл. _d24 |
||
| 225 | 1 | _aСерия "Школа юного инженера" | |
| 300 | _aЗагл. и авт. ориг.: A beginner's guide to circuins: nine simple projects with lights, sounds, and more! / by Øyvind Nydal Dahl | ||
| 330 | _aБиблиогр. в конце кн. и в подстроч. примеч. | ||
| 333 | _a6+ | ||
| 454 | 1 |
_12001#$aA beginner's guide to circuins$enine simple projects with lights, sounds, and more!$fby Øyvind Nydal Dahl _1700#1$aNydal Dahl$bØ.$f1984-$gØyvind$3RU\NLR\AUTH\770228728 _tA beginner's guide to circuins _aNydal Dahl, Øyvind (1984-) |
|
| 517 | 1 | _aДевять простых проектов с подсветкой, звуками и многое другое! | |
| 606 | 1 |
_aЭлектроника _jИздания для детей _9924294 _3RU\NLR\AUTH\6620569 |
|
| 606 | 1 |
_aЭлектрические схемы _jИздания для детей _91378191 _3RU\NLR\AUTH\66578133 |
|
| 606 | 1 |
_aСхемотехника _jИздания для детей _92223437 _3RU\NLR\AUTH\661334947 |
|
| 686 | 0 |
_aШ9 _bЗ |
|
| 700 | 1 |
_7ca _8rus _aНидал Даль _bЭ. _f1984- _gЭйвинд _9228671 _3RU\NLR\AUTH\770228727 |
|
| 942 | _cBOOK | ||
| 980 | _aNB | ||